La croissance

Guardat en:
Dades bibliogràfiques
Autor principal: Abeloos, Marcel
Format: Llibre
Idioma:Undetermined
Publicat: Paris Presses Universitaires de France 1948
Matèries:
Etiquetes: Afegir etiqueta
Sense etiquetes, Sigues el primer a etiquetar aquest registre!
Thư viện lưu trữ: Trung tâm Học liệu Trường Đại học Cần Thơ
LEADER 00436nam a2200169Ia 4500
001 CTU_79561
008 210402s9999 xx 000 0 und d
082 |a 303.44 
082 |b A139 
100 |a Abeloos, Marcel 
245 0 |a La croissance 
245 0 |c Marcel Abeloos 
260 |a Paris 
260 |b Presses Universitaires de France 
260 |c 1948 
650 |a Growth 
980 |a Trung tâm Học liệu Trường Đại học Cần Thơ